[Event "Porto Alegre op"]
[Site "Porto Alegre"]
[Date "2023.05.07"]
[Round "5"]
[White "Machado, Leonardo Ribeiro"]
[Black "Backes, Jorge Henrique Marx"]
[Result "0-1"]
[WhiteElo "1795"]
[BlackElo "1888"]
[PlyCount "72"]
[EventDate "2023.05.05"]
[EventType "swiss"]
[EventRounds "7"]
[EventCountry "BRA"]
[SourceTitle "CBM 214 Extra"]
[Source "ChessBase"]
[SourceDate "2023.07.31"]
[SourceVersion "1"]
[SourceVersionDate "2023.07.31"]
[SourceQuality "1"]

1. e4 c5 2. Nf3 g6 3. Bc4 Nc6 4. 0-0 Bg7 5. c3 e6 6. Re1 Nge7 7. d3 d5 8. Bb5 0-0 9. e5 Bd7 10. d4 Nxe5 11. Nxe5 Bxb5 12. Na3 Ba6 13. dxc5 Qc7 14. Bf4 Bxe5 15. Bxe5 Qxc5 16. Qg4 Nf5 17. Qg5 f6 18. Bxf6 Rae8 19. h4 Qc7 20. g4 Qf7 21. gxf5 Qxf6 22. Qxf6 Rxf6 23. fxe6 Rfxe6 24. Nc2 Re2 25. Rac1 Bd3 26. Rxe2 Rxe2 27. Ne3 Rxb2 28. Nxd5 Rxa2 29. Nb4 Rd2 30. Ra1 a6 31. Kg2 Be4+ 32. Kg3 Kf7 33. Re1 Bf5 34. Re5 Be6 35. h5 Kf6 36. Re3 Bf5 0-1

[Event "Porto Alegre op"]
[Site "Porto Alegre"]
[Date "2023.05.05"]
[Round "1"]
[White "Calazans, Joao Pedro Arsego"]
[Black "Backes, Jorge Henrique Marx"]
[Result "0-1"]
[WhiteElo "1800"]
[BlackElo "1888"]
[PlyCount "110"]
[EventDate "2023.05.05"]
[EventType "swiss"]
[EventRounds "7"]
[EventCountry "BRA"]
[SourceTitle "CBM 214 Extra"]
[Source "ChessBase"]
[SourceDate "2023.07.31"]
[SourceVersion "1"]
[SourceVersionDate "2023.07.31"]
[SourceQuality "1"]

1. e4 c5 2. Nf3 g6 3. c3 d5 4. exd5 Qxd5 5. Na3 Bg7 6. d4 Nf6 7. h3 0-0 8. Be3 cxd4 9. cxd4 Nc6 10. Nb5 Bf5 11. a3 Rad8 12. Qa4 Qd7 13. Nc3 Ne4 14. Bb5 Nxc3 15. bxc3 Be4 16. 0-0-0 Qc7 17. Kb2 e6 18. h4 Rc8 19. Rc1 a6 20. Be2 b5 21. Qd1 Rfd8 22. Bd3 Bxd3 23. Qxd3 Na5 24. Nd2 Qe7 25. h5 Nc4+ 26. Nxc4 bxc4 27. Qe2 Bf8 28. Ra1 Qb7+ 29. Kc1 Rb8 30. Qc2 Qxg2 31. Kd2 Qf3 32. hxg6 fxg6 33. Rhg1 Qf5 34. Rg5 Qf7 35. Ra5 Rb3 36. Rxa6 Qb7 37. Ra7 Qxa7 38. Qe4 Qf7 39. Qc6 e5 40. a4 exd4 41. cxd4 Rdb8 42. d5 Rd3+ 43. Ke1 Rxd5 44. Rc1 c3 45. Bf4 Re8+ 46. Kf1 Rf5 47. Bg3 Bg7 48. Rb1 Rf8 49. Rb7 Rxf2+ 50. Kg1 Rf1+ 51. Kh2 Qf2+ 52. Kh3 Qe2 53. Qd5+ Kh8 54. Rxg7 Kxg7 55. Qd4+ Kh6 0-1

[Event "Rio de Janeiro Duchamp op 4th"]
[Site "Rio de Janeiro"]
[Date "2022.12.10"]
[Round "5"]
[White "Backes, Jorge Henrique Marx"]
[Black "Lima, Stefan Moisei Vieir"]
[Result "1-0"]
[WhiteElo "1905"]
[BlackElo "2076"]
[PlyCount "41"]
[EventDate "2022.12.07"]
[EventType "swiss"]
[EventRounds "9"]
[EventCountry "BRA"]
[SourceTitle "CBM 211 Extra"]
[Source "ChessBase"]
[SourceDate "2023.01.31"]
[SourceVersion "1"]
[SourceVersionDate "2023.01.31"]
[SourceQuality "1"]

1. c4 c5 2. Nc3 Nc6 3. g3 g6 4. Bg2 Bg7 5. Nf3 d6 6. 0-0 Qd7 7. Rb1 b6 8. e3 Bxc3 9. bxc3 Bb7 10. d4 0-0-0 11. Qa4 Na5 12. Qc2 Nf6 13. Qe2 Qf5 14. Nd2 Bxg2 15. Kxg2 e5 16. e4 Qe6 17. d5 Qe7 18. Nb3 Nb7 19. a4 a5 20. Bg5 Kc7 21. Qf3 1-0

[Event "Rio de Janeiro Duchamp op 4th"]
[Site "Rio de Janeiro"]
[Date "2022.12.08"]
[Round "2"]
[White "Gomes, Genildo de Souza"]
[Black "Backes, Jorge Henrique Marx"]
[Result "1/2-1/2"]
[WhiteElo "1651"]
[BlackElo "1905"]
[PlyCount "68"]
[EventDate "2022.12.07"]
[EventType "swiss"]
[EventRounds "9"]
[EventCountry "BRA"]
[SourceTitle "CBM 211 Extra"]
[Source "ChessBase"]
[SourceDate "2023.01.31"]
[SourceVersion "1"]
[SourceVersionDate "2023.01.31"]
[SourceQuality "1"]

1. d4 f5 2. h4 Nf6 3. h5 e6 4. Bg5 Be7 5. Nf3 Ne4 6. Bh4 g5 7. hxg6 Bxh4 8. Rxh4 Qf6 9. Rxh7 Rxh7 10. gxh7 Qg7 11. Nbd2 Nf6 12. Ng5 Nxh7 13. Nxh7 Qxh7 14. Nf3 b6 15. d5 Bb7 16. dxe6 dxe6 17. Qd3 Nc6 18. Qe3 Qe7 19. Qg5 Qxg5 20. Nxg5 Ke7 21. 0-0-0 Ne5 22. f3 Rg8 23. Nh3 Nc4 24. Rd3 e5 25. Rc3 Bd5 26. b3 Nd6 27. Rxc7+ Kd8 28. Rxa7 f4 29. c4 Be6 30. Nf2 Rh8 31. Kd2 Nf5 32. b4 Ne3 33. Ke1 Nc2+ 34. Kd2 Ne3 1/2-1/2

[Event "Florianopolis op 8th"]
[Site "Florianopolis"]
[Date "2022.01.27"]
[Round "6"]
[White "Pereira, Geanfrancesco"]
[Black "Backes, Jorge Henrique Marx"]
[Result "1-0"]
[WhiteElo "2100"]
[BlackElo "1821"]
[PlyCount "53"]
[EventDate "2022.01.24"]
[EventType "swiss"]
[EventRounds "10"]
[EventCountry "BRA"]
[SourceTitle "CBM 206 Extra"]
[Source "ChessBase"]
[SourceDate "2022.03.31"]
[SourceVersion "1"]
[SourceVersionDate "2022.03.31"]
[SourceQuality "1"]

1. e4 d6 2. Nc3 Nf6 3. f4 g6 4. Nf3 Bg7 5. Bc4 0-0 6. 0-0 Nxe4 7. Nxe4 d5 8. Bd3 dxe4 9. Bxe4 c5 10. c3 Nc6 11. d3 Qb6 12. Qb3 Nb4 13. Qd1 f5 14. cxb4 fxe4 15. dxe4 cxb4+ 16. Kh1 Be6 17. e5 Bh6 18. Qe1 Bxf4 19. Qh4 Bxe5 20. Bh6 Bf6 21. Ng5 Qb5 22. Qe1 Bc4 23. Rxf6 exf6 24. Qe7 Rf7 25. Nxf7 Qe8 26. Qxe8+ Rxe8 27. Nd6 1-0

[Event "Porto Alegre Gaucho op"]
[Site "Porto Alegre"]
[Date "2015.11.02"]
[Round "6"]
[White "Prochnow, Marcos Alberto"]
[Black "Backes, Jorge Henrique Marx"]
[Result "0-1"]
[WhiteElo "1727"]
[BlackElo "1974"]
[PlyCount "68"]
[EventDate "2015.10.31"]
[EventType "swiss"]
[EventRounds "6"]
[EventCountry "BRA"]
[SourceTitle "CBM 169 Extra"]
[Source "ChessBase"]
[SourceDate "2015.12.18"]
[SourceVersion "1"]
[SourceVersionDate "2015.12.18"]
[SourceQuality "1"]

1. e4 e6 2. d4 d5 3. Nc3 Nf6 4. e5 Ne4 5. Nxe4 dxe4 6. Qe2 Qxd4 7. f4 Nd7 8. c3 Qd5 9. Be3 Be7 10. Nh3 0-0 11. b3 f5 12. Rd1 Qa5 13. b4 Qa3 14. Qc4 Nb6 15. Qxc7 Bxb4 16. cxb4 Qxe3+ 17. Be2 Nd5 18. Qc5 Qa3 19. Rxd5 exd5 20. Qxd5+ Kh8 21. Ng5 Qxb4+ 22. Kf2 Qe7 23. e6 Kg8 24. Bc4 h6 25. Nf7 Bxe6 26. Qe5 Rae8 27. Nd6 Bxc4 28. Nxc4 Qd7 29. Qd6 Rd8 30. Rd1 Qxd6 31. Rxd6 Rxd6 32. Nxd6 b6 33. h3 Rf6 34. Ne8 Rc6 0-1

[Event "Porto Alegre Gaucho op"]
[Site "Porto Alegre"]
[Date "2015.11.01"]
[Round "4"]
[White "Bueno, Jair Cardona"]
[Black "Backes, Jorge Henrique Marx"]
[Result "1/2-1/2"]
[WhiteElo "1909"]
[BlackElo "1974"]
[PlyCount "87"]
[EventDate "2015.10.31"]
[EventType "swiss"]
[EventRounds "6"]
[EventCountry "BRA"]
[SourceTitle "CBM 169 Extra"]
[Source "ChessBase"]
[SourceDate "2015.12.18"]
[SourceVersion "1"]
[SourceVersionDate "2015.12.18"]
[SourceQuality "1"]

1. d4 f5 2. g3 Nf6 3. Bg2 d6 4. c4 g6 5. Nc3 Bg7 6. Nf3 0-0 7. 0-0 Nc6 8. Qc2 e5 9. d5 Nb4 10. Qd2 a5 11. a3 Na6 12. Rb1 Nc5 13. b4 axb4 14. axb4 Nce4 15. Nxe4 Nxe4 16. Qc2 f4 17. Nd2 Nxd2 18. Bxd2 Bf5 19. Be4 Bh3 20. Bg2 Qd7 21. Rb3 Bxg2 22. Kxg2 g5 23. f3 h5 24. h3 Rf6 25. g4 Kf7 26. Rbb1 Rh6 27. Rh1 Bf6 28. Bc3 c6 29. Qd3 Ra3 30. Qd2 Rh8 31. Qb2 Rha8 32. Ra1 Rxa1 33. Rxa1 Rxa1 34. Qxa1 hxg4 35. hxg4 cxd5 36. cxd5 Qb5 37. Qa2 Bd8 38. Qd2 Bb6 39. Kf1 Ke8 40. Qa2 Be3 41. Ke1 Kd7 42. Kf1 Kc7 43. Be1 Kb6 44. Bc3 1/2-1/2

[Event "Nova Petropolis Gaucho op"]
[Site "Nova Petropolis"]
[Date "2015.03.14"]
[Round "5"]
[White "Backes, Jorge Henrique Marx"]
[Black "Da Silva, Joao Carlos Orguim"]
[Result "1-0"]
[WhiteElo "1974"]
[BlackElo "1895"]
[PlyCount "82"]
[EventDate "2015.03.13"]
[EventType "swiss"]
[EventRounds "7"]
[EventCountry "BRA"]
[SourceTitle "CBM 165 Extra"]
[Source "ChessBase"]
[SourceDate "2015.04.21"]
[SourceVersion "1"]
[SourceVersionDate "2015.04.21"]
[SourceQuality "1"]

1. c4 c5 2. g3 Nc6 3. Bg2 d6 4. Nc3 Bd7 5. e3 e6 6. d4 Nge7 7. Nge2 a6 8. 0-0 g6 9. Ne4 Nc8 10. dxc5 dxc5 11. b3 Bg7 12. Rb1 Qe7 13. Bb2 0-0 14. a3 f5 15. Bxg7 Kxg7 16. N4c3 Rd8 17. Qc2 Na5 18. Nf4 Bc6 19. Rfd1 Nd6 20. Nd3 Nf7 21. e4 b6 22. exf5 gxf5 23. Nf4 Bxg2 24. Kxg2 Nc6 25. Nce2 Kg8 26. Qc3 Nd6 27. f3 Ne8 28. Qe3 Nc7 29. b4 Rxd1 30. Rxd1 Rd8 31. Rxd8+ Nxd8 32. bxc5 Qxc5 33. Qd3 Qe7 34. Qd4 b5 35. c5 e5 36. Nd5 Qf7 37. Qxe5 Nxd5 38. g4 Ne7 39. Nf4 Ng6 40. Nxg6 hxg6 41. Qd6 Ne6 1-0

[Event "Nova Petropolis Gaucho op"]
[Site "Nova Petropolis"]
[Date "2015.03.14"]
[Round "3"]
[White "Backes, Jorge Henrique Marx"]
[Black "Pasini, Iuri Alan"]
[Result "1-0"]
[WhiteElo "1974"]
[BlackElo "1992"]
[PlyCount "55"]
[EventDate "2015.03.13"]
[EventType "swiss"]
[EventRounds "7"]
[EventCountry "BRA"]
[SourceTitle "CBM 165 Extra"]
[Source "ChessBase"]
[SourceDate "2015.04.21"]
[SourceVersion "1"]
[SourceVersionDate "2015.04.21"]
[SourceQuality "1"]

1. c4 Nf6 2. g3 c6 3. Bg2 d5 4. Nf3 g6 5. b3 Bg7 6. Bb2 0-0 7. 0-0 Be6 8. d3 Na6 9. Nbd2 Nc7 10. Qc2 Rc8 11. e4 h6 12. h3 Na6 13. Rad1 dxc4 14. Nxc4 b5 15. Ne3 c5 16. Qb1 Qb6 17. d4 cxd4 18. Bxd4 Qb8 19. Be5 Qb6 20. Nd4 Rfd8 21. Qb2 Nc5 22. Nxe6 Qxe6 23. Nd5 Ncd7 24. Bd4 a6 25. Rfe1 Ne8 26. e5 Kh7 27. g4 Kh8 28. Nf4 1-0

[Event "Nova Petropolis Gaucho op"]
[Site "Nova Petropolis"]
[Date "2015.03.14"]
[Round "2"]
[White "Mentges, Antonio Esidio"]
[Black "Backes, Jorge Henrique Marx"]
[Result "0-1"]
[WhiteElo "1766"]
[BlackElo "1974"]
[PlyCount "76"]
[EventDate "2015.03.13"]
[EventType "swiss"]
[EventRounds "7"]
[EventCountry "BRA"]
[SourceTitle "CBM 165 Extra"]
[Source "ChessBase"]
[SourceDate "2015.04.21"]
[SourceVersion "1"]
[SourceVersionDate "2015.04.21"]
[SourceQuality "1"]

1. e4 d6 2. d4 Nf6 3. Nc3 g6 4. Be2 Nbd7 5. Be3 e5 6. Nf3 Ng4 7. Bg5 f6 8. Bd2 Bg7 9. h3 Nh6 10. dxe5 Nxe5 11. Nxe5 dxe5 12. Bc4 Nf7 13. Qe2 c6 14. 0-0 b5 15. Bb3 a5 16. a4 b4 17. Nd1 0-0 18. Ne3 Kh8 19. Rfd1 Qe7 20. Ng4 f5 21. Nh2 Nd6 22. f3 Rb8 23. Be3 fxe4 24. Bc5 exf3 25. Nxf3 Rd8 26. Nd4 Qc7 27. Nf3 Nb7 28. Rxd8+ Nxd8 29. Rd1 Ne6 30. Bxe6 Bxe6 31. Bd6 Qa7+ 32. Kh1 Rc8 33. Bxe5 Bd5 34. Ng5 Rf8 35. Rxd5 cxd5 36. Bxg7+ Qxg7 37. Ne6 Re8 38. Qa6 Qf6 0-1